| 000 | 00331nam a22001217a 4500 | ||
|---|---|---|---|
| 008 | 180420b xxu||||| |||| 00| 0 eng d | ||
| 041 | _aeng | ||
| 080 | _a043.3 | ||
| 100 | _a0 | ||
| 101 | _aSHKI-MA | ||
| 245 |
_aPrivatesia dhe Siguria e Informacionit ne Sistemet E-Health: E-Health Sistmi ne Angli _cShabani, E |
||
| 942 |
_2udc _cBK |
||
| 999 |
_c45330 _d45330 |
||